00656nam a2200229 a 4500001001300000003000900013005001700022008004100039020001000080082001800090100002200108245002400130260003700154300000800191500003500199650002700234700002200261902000800283942000700291952011100298999001700409nice12345678IN_TiNIC20260116014320.0070626s0000 bana grd 000 0 eng  ac25000a375.008bKUN1 aKunigal, N Aditya aLiving in Fear (CD) aBangalore bVisual Search c0000 a00p aincludes index and biblioraphy aEnvironmental Problems1 aKunigal, N Aditya bSRS cND 00104070aHMIbHMId2009-12-10g250.00l1o375.008 KUN1p022067r2017-10-23s2017-10-20w2026-01-16yVM c14779d14779